オンゲキ ボーカル全楽曲 - Statistics

General Stats
  • This quiz has been taken 17 times
    9 since last reset
  • The average score is 23 of 93
Answer Stats
アルバム名 アーティスト名 曲名 % Correct
ONGEKI Vocal Collection 01 星咲あかり(CV.赤尾ひかる)藤沢柚子(CV.久保田梨沙) 三角葵(CV.春野杏) STARTLINER
89%
ONGEKI Vocal Collection 06 日向千夏(CV.岡咲美保) まっすぐ→→→ストリーム!
78%
ONGEKI Vocal Party 01 珠洲島有栖(CV.長縄まりあ) ぱくぱく☆がーる
67%
ONGEKI Vocal Collection 05 R.B.P. Y.Y.Y.計画!!!!
67%
ONGEKI Vocal Collection 02 藍原椿(CV.橋本ちなみ) タテマエと本心の大乱闘
56%
ONGEKI 5th Anniversary CD いちげきしゅーたーず! いちげき!のテーマ
56%
ONGEKI Vocal Party 08 早乙女彩華(CV.中島唯) Catch Me If You Can
56%
ONGEKI Vocal Collection 02 高瀬梨緒(CV.久保ユリカ) Here We Go
56%
ONGEKI Vocal Party 01 マーチングポケッツ 進め!マイウェイ!
44%
ONGEKI Vocal Party 07 皇城セツナ(CV.八巻アンナ) GODLINESS
44%
ONGEKI Sound Collection 07 オンゲキシューターズ HEADLINER
44%
ONGEKI Vocal Party 07 高瀬梨緒(CV.久保ユリカ)藤沢柚子(CV.久保田梨沙) レーイレーイ ~超絶最強アメちゃん Mix~
44%
ONGEKI Sound Collection 03 星咲あかり(CV.赤尾ひかる)高瀬梨緒(CV.久保ユリカ) 桜井春菜(CV.近藤玲奈) 井之原小星(CV.もものはるな) 日向千夏(CV.岡咲美保) Splash Dance!!
44%
ONGEKI Vocal Collection 04 7EVENDAYS⇔HOLIDAYS めんどーい!やっほーい!ともだち!
33%
ONGEKI Vocal Collection 06 東雲つむぎ(CV.和泉風花) 夜明けのストリング
33%
ONGEKI Vocal Party 05 7EVENDAYS⇔HOLIDAYS 最っ高のエンタメだ!!
33%
ONGEKI Vocal Party 08 藍原椿(CV.橋本ちなみ) 花時は夢を見る。
33%
ONGEKI Vocal Collection 04 井之原小星(CV.もものはるな) GAME IS LIFE
33%
ONGEKI Vocal Party 02 柏木咲姫(CV.石見舞菜香)柏木美亜(CV.和氣あず未) Iudicium"Apocalypsis Mix"
33%
ONGEKI Sound Collection 01 星咲あかり(CV.赤尾ひかる)藤沢柚子(CV.久保田梨沙) 三角葵(CV.春野杏) 高瀬梨緒(CV.久保ユリカ) 逢坂茜(CV.大空直美) Jump!! Jump!! Jump!!
33%
ONGEKI Sound Collection 04 星咲あかり(CV.赤尾ひかる)藍原椿(CV.橋本ちなみ) 早乙女彩華(CV.中島唯) 柏木咲姫(CV.石見舞菜香) 柏木美亜(CV.和氣あず未) No Limit RED Force
33%
ONGEKI Vocal Collection 02 結城莉玖(CV.朝日奈丸佳) P!P!P!P!がおー!!
33%
ONGEKI Vocal Collection 05 逢坂茜(CV.大空直美) Rule the World!!
33%
ONGEKI Memorial Soundtrack Nexture 03 東雲つむぎ(CV.和泉風花)井之原小星(CV.もものはるな) 星咲あかり(CV.赤尾ひかる) ツムギボシ (starring オンゲキシューターズ)
33%
ONGEKI Sound Collection 02 日向千夏(CV.岡咲美保)柏木美亜(CV.和氣あず未) 東雲つむぎ(CV.和泉風花) 星咲あかり(CV.赤尾ひかる) 高瀬梨緒(CV.久保ユリカ) 最強 the サマータイム!!!!!
33%
ONGEKI Sound Collection 06 星咲あかり(CV.赤尾ひかる)高瀬梨緒(CV.久保ユリカ)
柏木美亜(CV.和氣あず未) 東雲つむぎ(CV.和泉風花) 皇城セツナ(CV.八巻アンナ)
Transcend Lights
33%
ONGEKI Vocal Collection 05 九條楓(CV.佳村はるか) UTAKATA
33%
ONGEKI Vocal Collection 03 早乙女彩華(CV.中島唯) What color...
33%
ONGEKI Vocal Collection 01 三角葵(CV.春野杏) Zest of Blue
33%
ONGEKI Vocal Collection 05 珠洲島有栖(CV.長縄まりあ) どうぶつ☆パラダイス
22%
ONGEKI Vocal Collection 06 マーチングポケッツ ポケットからぬりつぶせ!
22%
ONGEKI Vocal Collection 07 AQUAシューターズ 感情アクセラレイション
22%
ONGEKI Vocal Party 02 藤沢柚子(CV.久保田梨沙)早乙女彩華(CV.中島唯) 夏色花火
22%
ONGEKI Vocal Party 04 結城莉玖(CV.朝日奈丸佳)東雲つむぎ(CV.和泉風花) キミは”見ていたね”?
22%
ONGEKI Vocal Party 05 三角葵(CV.春野杏)九條楓(CV.佳村はるか) 日向千夏(CV.岡咲美保) 無敵のフロンティア三銃士
22%
ONGEKI Vocal Party 06 藍原椿(CV.橋本ちなみ)早乙女彩華(CV.中島唯) シンデレラディスコ
22%
ONGEKI Vocal Party 06 井之原小星(CV.もものはるな) おやすみのうた
22%
ONGEKI Vocal Party 07 三角葵(CV.春野杏)逢坂茜(CV.大空直美) 日向千夏(CV.岡咲美保) ぽかぽか温泉音頭
22%
ONGEKI Vocal Memory ⊿TRiEDGE ヒストリー×ブレイカー
22%
ONGEKI Vocal Memory 九條楓(CV.佳村はるか) 涙隠しておんな道
22%
ONGEKI Vocal Memory 柏木美亜(CV.和氣あず未) ランダムサンデー
22%
ONGEKI 5th Anniversary CD 三角葵(CV.春野杏)藍原椿(CV.橋本ちなみ) 早乙女彩華(CV.中島唯) 九條楓(CV.佳村はるか) 東雲つむぎ(CV.和泉風花) 夏宵スターマイン
22%
ONGEKI Memorial Soundtrack Yuki 柏木咲姫(CV.石見舞菜香) イルミネーション
22%
ONGEKI Memorial Soundtrack Nexture 02 藍原椿(CV.橋本ちなみ) 耐冬花麗
22%
ONGEKI Memorial Soundtrack Nexture 03 井之原小星(CV.もものはるな) スキが止まらない!
22%
ONGEKI Memorial Soundtrack Nexture 02 高瀬梨緒(CV.久保ユリカ) Ai Me
22%
ONGEKI Vocal Party 04 三角葵(CV.春野杏) All Right!
22%
ONGEKI Vocal Memory 早乙女彩華(CV.中島唯)九條楓(CV.佳村はるか) 皇城セツナ(CV.八巻アンナ) Butterfly Wave
22%
ONGEKI Memorial Soundtrack Nexture 01 三角葵(CV.春野杏) Event Horizon
22%
ONGEKI Memorial Soundtrack Yuki ASTERISM Flower
22%
ONGEKI Vocal Party 03 ASTERISM 絆はずっとGrowing Up!!!
22%
ONGEKI Vocal Collection 01 藤沢柚子(CV.久保田梨沙) みんな Happy!!
22%
ONGEKI Vocal Collection 03 bitter flavor Kiss Me Kiss
22%
ONGEKI Vocal Collection 07 FIREシューターズ MAKING!ハイタッチ!
22%
ONGEKI Vocal Party 06 桜井春菜(CV.近藤玲奈) My precious holiday
22%
ONGEKI Vocal Collection 01 星咲あかり(CV.赤尾ひかる) Perfect Shining!!
22%
ONGEKI Vocal Memory 皇城セツナ(CV.八巻アンナ) Resolution
22%
ONGEKI Sound Collection 05 星咲あかり(CV.赤尾ひかる)結城莉玖(CV.朝日奈丸佳)
九條楓(CV.佳村はるか) 珠洲島有栖(CV.長縄まりあ) 東雲つむぎ(CV.和泉風花)
STARRED HEART
22%
ONGEKI Memorial Soundtrack Nexture 01 星咲あかり(CV.赤尾ひかる) STEP BY STEP
22%
ONGEKI Vocal Collection 03 桜井春菜(CV.近藤玲奈) SWEET SHAKE!!
22%
ONGEKI Vocal Party 03 三角葵(CV.春野杏)桜井春菜(CV.近藤玲奈) 珠洲島有栖(CV.長縄まりあ) YAMINABE☆PANIC~ご馳走詰め込みフルコース~
22%
ONGEKI Vocal Party 02 ⊿TRiEDGE 撩乱乙女†無双劇
11%
ONGEKI Sound Collection 02 逢坂茜(CV.大空直美) オンゲキ全域★アカネサマ?
11%
ONGEKI Vocal Best 星咲あかり(CV.赤尾ひかる)日向千夏(CV.岡咲美保) 青空コントレール
11%
ONGEKI Vocal Memory 日向千夏(CV.岡咲美保) 超前進!満点スマイル!
11%
ONGEKI Memorial Soundtrack himawari 藤沢柚子(CV.久保田梨沙) 柏木美亜(CV.和氣あず未) 全力ハッピーライフ
11%
ONGEKI Memorial Soundtrack himawari 三角葵(CV.春野杏)東雲つむぎ(CV.和泉風花) サマータイムレコード
11%
ONGEKI Memorial Soundtrack Momiji 逢坂茜(CV.大空直美)藍原椿(CV.橋本ちなみ) いつか花咲くその前に
11%
ONGEKI Memorial Soundtrack Nexture 01 藤沢柚子(CV.久保田梨沙) はっぴ~しゅ~てぃんぐすた~
11%
ONGEKI Memorial Soundtrack Nexture 02 結城莉玖(CV.朝日奈丸佳) がおっと!!最強☆ぱーりーないと
11%
ONGEKI Vocal Party 03 星咲あかり(CV.赤尾ひかる)高瀬梨緒(CV.久保ユリカ) 反撃! 突撃! Back to Back!
11%
ONGEKI Vocal Party 04 藤沢柚子(CV.久保田梨沙) ウキウキ☆Candy!
11%
ONGEKI Vocal Memory 珠洲島有栖(CV.長縄まりあ) FANTASY BABY
11%
ONGEKI Vocal Memory 桜井春菜(CV.近藤玲奈)早乙女彩華(CV.中島唯) 井之原小星(CV.もものはるな) 柏木咲姫(CV.石見舞菜香) Girl's Party Planet!
11%
ONGEKI Vocal Party 04 星咲あかり(CV.赤尾ひかる) Glitter-Glitter
11%
ONGEKI Vocal Party 08 珠洲島有栖(CV.長縄まりあ)皇城セツナ(CV.八巻アンナ) Handmade Good Day
11%
ONGEKI Vocal Party 08 柏木咲姫(CV.石見舞菜香) Happiness on the Table
11%
ONGEKI Vocal Party 08 結城莉玖(CV.朝日奈丸佳) I got a gig tonight!
11%
ONGEKI Vocal Party 01 ⊿TRiEDGE Let's Starry Party!
11%
ONGEKI Vocal Memory 東雲つむぎ(CV.和泉風花) Little Twinkle
11%
ONGEKI Vocal Collection 06 柏木美亜(CV.和氣あず未) トリドリ⇒モリモリ!Lovely fruits☆
11%
ONGEKI Vocal Party 06 高瀬梨緒(CV.久保ユリカ) Over Voltage
11%
ONGEKI Vocal Party 04 R.B.P. Ruler Count, Zero
11%
ONGEKI Sound Collection 02 ASTERISM Starring Stars
11%
ONGEKI Memorial Soundtrack himawari 星咲あかり(CV.赤尾ひかる)日向千夏(CV.岡咲美保) スン(マイル)フラワー~Sun(Mile)Flower
11%
ONGEKI Vocal Collection 02 ⊿TRiEDGE 本能的 Survivor
11%
ONGEKI Vocal Memory 逢坂茜(CV.大空直美) UTOPIA CRASH
11%
ONGEKI Vocal Memory 藤沢柚子(CV.久保田梨沙)井之原小星(CV.もものはるな) 逢坂茜(CV.大空直美) Geki Geki!! 激闘Break Out!!
0%
ONGEKI Vocal Party 05 bitter flavor give it up to you
0%
ONGEKI Vocal Collection 04 柏木咲姫(CV.石見舞菜香) GranFatalité
0%
ONGEKI Vocal Collection 07 LEAFシューターズ Heart Cooking Recipe
0%
ONGEKI Memorial Soundtrack Nexture 03 柏木咲姫(CV.石見舞菜香) in den Himmel steigen
0%
ONGEKI Vocal Party 07 桜井春菜(CV.近藤玲奈)柏木咲姫(CV.石見舞菜香) White Magic Night!
0%
No matching quizzes found
Score Distribution
Percent of People with Each Score
Percentile by Number Answered
Your Score History
You have not taken this quiz since the last reset